| 000 | 00534nam a2200181Ia 4500 | ||
|---|---|---|---|
| 008 | 151018s9999 xx 000 0 und d | ||
| 082 |
_bRBASDV5732 _a891.463 |
||
| 100 | _aबाळ सामंत | ||
| 245 | _aउसने अवसान | ||
| 250 | _b1 | ||
| 260 |
_bनवलेखन प्रकाशन _c1963 |
||
| 300 | _a140 | ||
| 600 | _aबाळ सामंत | ||
| 630 | _aउसने अवसान | ||
| 700 | _aबाळ सामंत | ||
| 730 | _aउसने अवसान | ||
| 942 | _cBOOK | ||
| 999 |
_c1008114 _d1008111 |
||